Seminario sobre Transporte Marítimo

Guardat en:
Dades bibliogràfiques
Format: Llibre
Idioma:espanyol
Publicat: Santiago Universidad de Chile 1971
Santiago Universidad Católica de Valparaíso 1971
Matèries:
Etiquetes: Afegir etiqueta
Sense etiquetes, Sigues el primer a etiquetar aquest registre!

MARC

LEADER 00000nam a2200000 a 4500
001 UCU6503
003 CL-VaPUC
005 20240829121957.0
008 960621e19710000cl 1 spa d
044 |a cl  |2 marc 
044 |a cl  |2 marc 
082 0 4 |a 387.5  |b SEM  |2 21 
245 1 0 |a Seminario sobre Transporte Marítimo 
260 |a Santiago  |b Universidad de Chile  |c 1971 
260 |a Santiago  |b Universidad Católica de Valparaíso  |c 1971 
300 |a 244 p 
583 |a last modification  |c 20171220 02:14:41  |k Rodrigo Vera 
650 0 0 |a Transporte marítimo  |9 260127 
650 0 0 |a Rutas marítimas  |9 339718 
650 0 7 |a TRANSPORTE INTERNACIONAL  |2 CL-VaPUC  |9 617842 
650 0 7 |a BUQUES MERCANTES  |2 CL-VaPUC  |9 358741 
650 0 7 |a POLITICA DE TRANSPORTES  |2 CL-VaPUC  |9 358677 
650 0 0 |a Simulación por computador  |9 260988 
650 0 0 |a Análisis de sistemas   |9 260059 
942 |c BK 
945 |a cmena  |d 19960621 00:00:00 
546 |a En Español 
518 |p Seminario sobre Transporte Marítimo, Viña del Mar, 12 al 25 de Julio de 1971 
999 |c 382672  |d 382670 
952 |0 0  |1 0  |4 0  |6 387_500000000000000_SEM_1971  |7 0  |8 A  |9 504487  |a BIBING  |b BIBING  |d 2020-01-23  |i 1693166  |o 387.5 SEM 1971  |p 1693166  |r 2025-01-20  |w 2020-01-23  |y BK  |k ING